00399nam a2200169Ia 4500008004100000020001800041050001400059100001800073245002500091245001700116260001300133260001300146260000900159300001500168300002500183440002100208180207s9999 xx 000 0 und d a9780007591152 bA355 2011 aAlcraft, Rob. aDubai from the sky / cRob Alcraft. aLondon : bCollins, c2015 a23 pages : bcolor illustration ; aCollins big cat.